| 000 | 00432nam a2200169 a 4500 | ||
|---|---|---|---|
| 005 | 20140310183506.0 | ||
| 008 | 100918s19uu xx 00 eng d | ||
| 020 | _a9780439709101 | ||
| 050 |
_aPZ 7 _b.F96624 2007 |
||
| 100 | _aFunke, Cornelia | ||
| 245 |
_aInkheart. _cCornelia Funke |
||
| 260 |
_aNew York : _bScholastic Inc, _c2003. |
||
| 300 |
_a563 p. : _c17 cm. |
||
| 650 | _aFiction | ||
| 942 |
_cBK _2lcc |
||
| 999 |
_c24046 _d24046 |
||